Estatísticas para Os 15 principais países com mortes por Covid19 - 14 de julho

Clique aqui para jogar o quiz

Estatísticas Gerais

  • Esse quiz foi jogado 3 vezes
  • A pontuação média é 14 de 19

Estatísticas das Respostas

país% Correto
Alemanha
100%
Brasil
100%
Espanha
100%
Estados Unidos
100%
França
100%
Índia
100%
Irão
100%
Rússia
100%
Canadá
67%
Irlanda
67%
Itália
67%
México
67%
Peru
67%
Reino Unido
67%
Suécia
67%
Bélgica
33%
Chile
33%
Equador
33%
Países Baixos
33%

Distribuição das Pontuações

Percentil de Números Respondidos

Porcentagem de Pessoas com Cada Pontuação

Sua Pontuação Histórica

Você não jogou esse quiz